Policy utilisation in planning control (Record no. 68399)

MARC details
000 -LEADER
fixed length control field 01145cam a2200217 4500
001 - CONTROL NUMBER
control field ABS64583
008 - FIXED-LENGTH DATA ELEMENTS--GENERAL INFORMATION
fixed length control field 010926n2001 000 0 eng u
035 ## - SYSTEM CONTROL NUMBER
System control number (Sirsi) u114869
100 ## - MAIN ENTRY--PERSONAL NAME
Personal name Bingham, M.
245 ## - TITLE STATEMENT
Title Policy utilisation in planning control
260 ## - PUBLICATION, DISTRIBUTION, ETC.
Date of publication, distribution, etc. 2001
490 ## - SERIES STATEMENT
Series statement Town Planning Review
Volume/sequential designation 72(3) July 2001, 321-340(20)
520 ## - SUMMARY, ETC.
Summary, etc. Recent governments have sought to make England's planning system more 'plan-led' in outlook and operation. Explores the concept of plan-led control. Looks in detail at the potential and actual role of plans in planning appeal determinations. Describes an empirical study of appeals in Coventry, South Cambridgeshire and Suffolk Coastal districts. This reveals that appeal decisions are more plan-led than aggregate statistics suggest. Flexibility and discretion clearly remain important features of both plan content and use (Taken from journal headnote).
590 ## - LOCAL NOTE (RLIN)
Local note ABS
650 ## - SUBJECT ADDED ENTRY--TOPICAL TERM
Topical term or geographic name entry element PLANNING SYSTEM
650 ## - SUBJECT ADDED ENTRY--TOPICAL TERM
Topical term or geographic name entry element ANALYSIS
650 ## - SUBJECT ADDED ENTRY--TOPICAL TERM
Topical term or geographic name entry element PLAN-LED SYSTEM
650 ## - SUBJECT ADDED ENTRY--TOPICAL TERM
Topical term or geographic name entry element PLANNING APPEALS
690 ## - LOCAL SUBJECT ADDED ENTRY--TOPICAL TERM (OCLC, RLIN)
Topical term or geographic name as entry element ENVIRONMENTAL AND LAND CONSULTANCY-PLANNING AND DEVELOPMENT
942 ## - ADDED ENTRY ELEMENTS (KOHA)
Suppress in OPAC 0
Holdings
Withdrawn status Lost status Source of classification or shelving scheme Damaged status Not for loan Home library Current library Shelving location Date acquired Total Checkouts Full call number Barcode Date last seen Copy number Price effective from Koha item type
    Dewey Decimal Classification     London London Journal article 26/09/2001   ABS64583 114869-1001 06/08/2019 1 06/08/2019 Journal article